[Event "XXIV Memorial Edoardo Crespi A"]
[Site "Milano ITA"]
[Date "2003.12.07"]
[Round "4"]
[White "Rosin, Federico"]
[Black "Barlocco, Carlo"]
[Result "0-1"]
[WhiteElo "2117"]
[BlackElo "2132"]
[PlyCount "118"]
[EventDate "2003.12.05"]

1. e4 e5 2. Nf3 Nc6 3. d4 exd4 4. Nxd4 Bb4+ 5. c3 Bc5 6. Be3 Bb6 7. Bd3 Nf6 8.
O-O O-O 9. Nd2 Re8 10. Nxc6 bxc6 11. Bg5 h6 12. Bh4 d5 13. exd5 Qxd5 14. Bc4
Qf5 15. Qf3 Qxf3 16. Nxf3 Be6 17. Bxe6 Rxe6 18. Rfe1 Rae8 19. Bxf6 gxf6 20.
Rad1 Re2 21. Rxe2 Rxe2 22. Rd2 Bxf2+ 23. Kf1 Rxd2 24. Nxd2 Bc5 25. Ne4 Be7 26.
Ke2 Kg7 27. Nd2 Bd6 28. h3 Kf8 29. Kf3 Ke7 30. Ke4 Ke6 31. g4 Bh2 32. Nc4 Bg3
33. Ne3 Be1 34. Nf5 Bd2 35. h4 Bc1 36. b3 Bd2 37. c4 Bc1 38. Ng7+ Kd6 39. Kf5
Kc5 40. Kxf6 Kb4 41. Kxf7 Ka3 42. Nf5 a5 43. Nxh6 Kxa2 44. Nf5 Kxb3 45. Nd4+
Kxc4 46. Nc2 Bb2 47. g5 Kb3 48. Na3 Kxa3 49. h5 c5 50. g6 c4 51. h6 c3 52. g7
c2 53. g8=Q c1=Q 54. h7 Qf4+ 55. Ke6 Qd6+ 56. Kf5 Qf6+ 57. Ke4 Qe5+ 58. Kd3 c5
59. Kc2 Qe2+ 0-1

[Event "XXIV Memorial Edoardo Crespi A"]
[Site "Milano ITA"]
[Date "2003.12.07"]
[Round "4"]
[White "Sgnaolin, Davide"]
[Black "Lapiccirella, Daniele"]
[Result "1/2-1/2"]
[WhiteElo "2137"]
[BlackElo "2086"]
[PlyCount "39"]
[EventDate "2003.12.05"]

1. e4 c5 2. c3 d5 3. exd5 Qxd5 4. d4 cxd4 5. cxd4 Nc6 6. Nf3 e5 7. Nc3 Bb4 8.
Bd2 Bxc3 9. Bxc3 e4 10. Nd2 Nf6 11. Bc4 Qg5 12. d5 Nxd5 13. Nxe4 Nxc3 14. Nxg5
Nxd1 15. Rxd1 O-O 16. O-O Bf5 17. Rfe1 h6 18. Ne4 Bxe4 19. Rxe4 Rfd8 20. Rxd8+
1/2-1/2

[Event "XXIV Memorial Edoardo Crespi A"]
[Site "Milano ITA"]
[Date "2003.12.07"]
[Round "4"]
[White "Zanetti, Alberto"]
[Black "Massironi, Marco"]
[Result "1-0"]
[WhiteElo "2171"]
[BlackElo "2082"]
[PlyCount "77"]
[EventDate "2003.12.05"]

1. e4 c5 2. Nc3 d6 3. g3 g6 4. Bg2 Bg7 5. d3 Nc6 6. Be3 e6 7. Qd2 Qb6 8. Nge2
Bd7 9. O-O h5 10. h3 Nge7 11. a3 Nd4 12. Rab1 a5 13. b4 axb4 14. axb4 cxb4 15.
Nxd4 Bxd4 16. Bxd4 Qxd4 17. Ne2 Qg7 18. Qxb4 Bc6 19. Qxd6 Rd8 20. Qb4 g5 21. d4
Ng6 22. c4 h4 23. d5 Bd7 24. Qc5 e5 25. Rxb7 g4 26. Rfb1 gxh3 27. Rb8 Qf6 28.
Rxd8+ Qxd8 29. Qd6 hxg2 30. Rb8 h3 31. Rxd8+ Kxd8 32. Kh2 Ke8 33. c5 Bg4 34.
Ng1 Rh5 35. c6 Ne7 36. Qb8+ Nc8 37. f3 Bd7 38. d6 Be6 39. Qc7 1-0

[Event "XXIV Memorial Edoardo Crespi A"]
[Site "Milano ITA"]
[Date "2003.12.08"]
[Round "5"]
[White "Barberi, Alessandro"]
[Black "Facchetti, Gianni"]
[Result "0-1"]
[WhiteElo "2099"]
[BlackElo "2159"]
[PlyCount "37"]
[EventDate "2003.12.05"]

1. d4 Nf6 2. Nf3 d6 3. c4 Nbd7 4. Nc3 e5 5. Bg5 Be7 6. e3 c6 7. Qc2 Qc7 8. Be2
a6 9. O-O O-O 10. b4 b6 11. a4 Bb7 12. a5 bxa5 13. Rxa5 c5 14. Qa4 cxb4 15.
Qxb4 Rfb8 16. Qa3 Bd8 17. Ra4 Nb6 18. Rb4 a5 19. Nb5 0-1

[Event "XXIV Memorial Edoardo Crespi A"]
[Site "Milano ITA"]
[Date "2003.12.08"]
[Round "5"]
[White "Barlocco, Carlo"]
[Black "Locatelli, Andrea"]
[Result "1-0"]
[WhiteElo "2132"]
[BlackElo "2106"]
[PlyCount "97"]
[EventDate "2003.12.05"]

1. e4 c5 2. Nf3 d6 3. Nc3 Nf6 4. Bb5+ Bd7 5. a4 e6 6. e5 dxe5 7. Nxe5 a6 8.
Bxd7+ Nfxd7 9. Nf3 Nc6 10. O-O Be7 11. d3 Qc7 12. Bg5 Nf6 13. Re1 h6 14. Bh4 g5
15. Bg3 Bd6 16. Ne4 Nxe4 17. Rxe4 Bxg3 18. hxg3 Qe7 19. Qe1 O-O 20. Qc3 f5 21.
Re2 g4 22. Ne5 Nd4 23. Re3 Rf6 24. Rae1 h5 25. Qd2 Kh7 26. c3 f4 27. gxf4 Nf5
28. Re4 Rh6 29. g3 Rg8 30. Qe2 h4 31. Nxg4 hxg3 32. f3 Rh2 33. Rxe6 Rxe2 34.
R1xe2 Qh4 35. Nf6+ Kh6 36. Ng4+ Kh5 37. R2e5 Qxg4 38. fxg4+ Kxg4 39. Rf6 Nh4
40. Rg5+ Rxg5 41. fxg5 Kxg5 42. Rf7 Kg4 43. d4 cxd4 44. cxd4 Nf5 45. d5 b5 46.
a5 Nd6 47. Rf6 Ne4 48. Rxa6 Ng5 49. Rg6 1-0

[Event "XXIV Memorial Edoardo Crespi A"]
[Site "Milano ITA"]
[Date "2003.12.08"]
[Round "5"]
[White "Castrogiovanni, Carlo"]
[Black "Didoni, Renato"]
[Result "1-0"]
[WhiteElo "2068"]
[BlackElo "1888"]
[PlyCount "61"]
[EventDate "2003.12.05"]

1. Nf3 d5 2. c4 c6 3. g3 Nf6 4. b3 Nbd7 5. Bb2 Qc7 6. d4 e6 7. Bg2 Be7 8. O-O
Nf8 9. Nc3 Ng6 10. Qc2 O-O 11. e4 h6 12. cxd5 exd5 13. Nxd5 Nxd5 14. exd5 Bf5
15. Qxf5 cxd5 16. Rfc1 Qa5 17. Ne5 Bg5 18. Rc5 Qd2 19. Rc2 Ne7 20. Rxd2 Nxf5
21. Rc2 Ne7 22. h4 Bf6 23. Nd7 Rfc8 24. Nxf6+ gxf6 25. Rac1 Rc6 26. Ba3 Rxc2
27. Rxc2 Nc6 28. Bb2 Nb4 29. Rc7 b6 30. Ba3 Nxa2 31. Rc2 1-0

[Event "XXIV Memorial Edoardo Crespi A"]
[Site "Milano ITA"]
[Date "2003.12.08"]
[Round "5"]
[White "Cazzaniga, Walter"]
[Black "Podini, Francesco"]
[Result "1-0"]
[WhiteElo "2119"]
[BlackElo "2041"]
[PlyCount "43"]
[EventDate "2003.12.05"]

1. d4 f5 2. g3 Nf6 3. Bg2 e6 4. Nf3 Be7 5. O-O O-O 6. c4 d6 7. b3 Ne4 8. Bb2
Bf6 9. Qc2 Nc6 10. Nbd2 Nxd2 11. Qxd2 e5 12. dxe5 dxe5 13. Qxd8 Rxd8 14. Rfd1
Be6 15. Ne1 e4 16. Bxf6 gxf6 17. Nc2 Bf7 18. Ne3 Nd4 19. Kf1 c6 20. Rd2 Kf8 21.
Rad1 Ke7 22. Rxd4 1-0

[Event "XXIV Memorial Edoardo Crespi A"]
[Site "Milano ITA"]
[Date "2003.12.08"]
[Round "5"]
[White "Efimov, Igor"]
[Black "Bevilacqua, Maurizio"]
[Result "1/2-1/2"]
[WhiteElo "2497"]
[BlackElo "2082"]
[PlyCount "93"]
[EventDate "2003.12.05"]

1. d4 Nf6 2. c4 e6 3. Nc3 Bb4 4. e3 O-O 5. Nge2 d5 6. a3 Be7 7. cxd5 exd5 8. g3
c6 9. Bg2 Bf5 10. f3 a5 11. O-O Na6 12. g4 Bd7 13. Ng3 g6 14. Bd2 b5 15. Nce2
Qb6 16. Nf4 Ne8 17. Nd3 f6 18. Qe1 Nac7 19. Rc1 Ne6 20. f4 Ra7 21. f5 N6g7 22.
e4 dxe4 23. Qxe4 Rf7 24. fxg6 hxg6 25. Qxg6 Qxd4+ 26. Kh1 f5 27. Bc3 Qxd3 28.
Rcd1 Qc4 29. Rxd7 Rxd7 30. Nxf5 Rxf5 31. gxf5 Rd6 32. Qg3 Bf6 33. Re1 Kf8 34.
Be5 Rd3 35. Qf4 Qxf4 36. Bxf4 Nh5 37. Bh6+ Kf7 38. Bxc6 Nd6 39. Bd7 Ng7 40. Re2
Ngxf5 41. Bd2 Nd4 42. Rg2 Ne4 43. Bxa5 Nf3 44. Re2 Rd4 45. Kg2 Neg5 46. Be8+
Kg7 47. Bc3 1/2-1/2

[Event "XXIV Memorial Edoardo Crespi A"]
[Site "Milano ITA"]
[Date "2003.12.08"]
[Round "5"]
[White "Faccia, Sergio"]
[Black "Rosin, Federico"]
[Result "0-1"]
[WhiteElo "1984"]
[BlackElo "2117"]
[PlyCount "62"]
[EventDate "2003.12.05"]

1. e4 c5 2. b4 d6 3. bxc5 dxc5 4. Nf3 Nc6 5. Bc4 e6 6. O-O Nf6 7. Nc3 Be7 8. e5
Nd5 9. Nxd5 exd5 10. Bb5 O-O 11. h3 Qc7 12. Re1 a6 13. Bf1 b5 14. a3 Be6 15. c3
Rab8 16. d4 c4 17. Bg5 a5 18. Bxe7 Qxe7 19. Be2 b4 20. axb4 axb4 21. Qa4 Qc7
22. cxb4 Rxb4 23. Qc2 h6 24. Reb1 Rfb8 25. Rxb4 Rxb4 26. Bd1 Qb8 27. Ra6 Qb7
28. Qa2 Rb1 29. Ra8+ Nb8 30. Rxb8+ Qxb8 31. Qa4 Qb5 0-1

[Event "XXIV Memorial Edoardo Crespi A"]
[Site "Milano ITA"]
[Date "2003.12.08"]
[Round "5"]
[White "Iudicello, Giovanni"]
[Black "Bianchi, Alberto"]
[Result "0-1"]
[WhiteElo "2149"]
[BlackElo "2034"]
[PlyCount "59"]
[EventDate "2003.12.05"]

1. e4 e5 2. Nf3 Nc6 3. Bb5 a6 4. Ba4 Nf6 5. O-O Nxe4 6. Re1 Nc5 7. Bxc6 bxc6 8.
Nxe5 Ne6 9. Qf3 Qf6 10. Qxf6 gxf6 11. Nf3 Bb7 12. d4 O-O-O 13. c4 Rg8 14. Nc3
f5 15. d5 cxd5 16. Nxd5 Bd6 17. Bd2 Rg4 18. b3 Rdg8 19. g3 Bxd5 20. cxd5 Nd4
21. Nxd4 Rxd4 22. Re2 Rxd5 23. f4 h5 24. Rae1 Kb7 25. Be3 h4 26. Kg2 hxg3 27.
hxg3 Bc5 28. Rh1 Re8 29. Kf3 Rd3 30. Rc1 {...} 0-1

[Event "XXIV Memorial Edoardo Crespi A"]
[Site "Milano ITA"]
[Date "2003.12.08"]
[Round "5"]
[White "Kidane, Robel"]
[Black "Barpiyeva, Gulsana"]
[Result "1-0"]
[WhiteElo "2049"]
[BlackElo "2169"]
[PlyCount "107"]
[EventDate "2003.12.05"]

1. e4 c5 2. Nf3 e6 3. d4 cxd4 4. Nxd4 a6 5. c4 Qc7 6. Nc2 Nf6 7. Nc3 b6 8. f4
Bb7 9. Bd3 d6 10. O-O Be7 11. Bd2 Nbd7 12. b4 O-O 13. Rc1 Rac8 14. Qe2 Rfd8 15.
g4 Bf8 16. g5 Ne8 17. Rf3 g6 18. Rh3 Bg7 19. Qf2 f5 20. exf5 exf5 21. Be2 Nf8
22. Na4 Be4 23. Nxb6 Rb8 24. Na4 d5 25. Nc5 Ra8 26. cxd5 Bxd5 27. Bf3 Bxf3 28.
Rxf3 Nd6 29. Nd4 Qb6 30. Ndb3 Rab8 31. Kg2 Qb5 32. a4 Qb6 33. Qe2 Ra8 34. Qd3
Re8 35. Qd5+ Kh8 36. Bc3 Ne4 37. Bxg7+ Kxg7 38. Qd4+ Kg8 39. Nxe4 Qxd4 40. Nxd4
Rxe4 41. Nc6 Ne6 42. Kg3 a5 43. bxa5 Rxa4 44. Re1 Nc5 45. Rfe3 Ne4+ 46. Kh4 Ra6
47. Ne7+ Kf7 48. Nd5 R4xa5 49. Nc3 Re6 50. Nxe4 fxe4 51. Rxe4 Rxe4 52. Rxe4 Ra2
53. Kg3 Ra3+ 54. Kg4 1-0

[Event "XXIV Memorial Edoardo Crespi A"]
[Site "Milano ITA"]
[Date "2003.12.08"]
[Round "5"]
[White "Lapiccirella, Daniele"]
[Black "Giretti Kanev, Jasen"]
[Result "1-0"]
[WhiteElo "2086"]
[BlackElo "2210"]
[PlyCount "63"]
[EventDate "2003.12.05"]

1. d4 Nf6 2. c4 g6 3. Nc3 Bg7 4. Nf3 O-O 5. g3 d5 6. Bg2 dxc4 7. e4 c5 8. d5 e6
9. O-O exd5 10. exd5 Na6 11. Nd2 Bg4 12. f3 Bf5 13. Nxc4 Nb4 14. Ne3 Bd3 15.
Rf2 c4 16. f4 Re8 17. Bd2 h5 18. h3 Nd7 19. a3 Bd4 20. Qf3 Nc2 21. Nxc2 Bxc2
22. Rc1 Bd3 23. Kh2 Nc5 24. Rff1 Nb3 25. Rfd1 h4 26. g4 Nxc1 27. Rxc1 Bxc3 28.
Bxc3 Be4 29. Qf2 Qxd5 30. Qxh4 f5 31. Qh8+ Kf7 32. Qf6+ 1-0

[Event "XXIV Memorial Edoardo Crespi A"]
[Site "Milano ITA"]
[Date "2003.12.08"]
[Round "5"]
[White "Lapiccirella, Mattia"]
[Black "Zanetti, Alberto"]
[Result "1/2-1/2"]
[WhiteElo "2180"]
[BlackElo "2171"]
[PlyCount "105"]
[EventDate "2003.12.05"]

1. d4 d5 2. c4 e6 3. Nf3 Nf6 4. Bg5 Be7 5. e3 O-O 6. Nc3 b6 7. Bd3 dxc4 8. Bxc4
Bb7 9. O-O Nbd7 10. Qe2 Ne4 11. Nxe4 Bxe4 12. Bf4 Bd6 13. Bxd6 cxd6 14. Rac1
Bb7 15. Ba6 Qb8 16. Rc2 Rc8 17. Rfc1 Rxc2 18. Rxc2 Nf6 19. a3 h6 20. Kf1 Kf8
21. Ke1 Ke7 22. b4 Bxa6 23. Qxa6 Nd5 24. e4 Nc7 25. Qc4 Ne8 26. d5 e5 27. a4 a6
28. Qd3 b5 29. a5 Qb7 30. Nd2 Rc8 31. Nf1 Rxc2 32. Qxc2 Qc7 33. Qxc7+ Nxc7 34.
Ne3 g6 35. f3 Ne8 36. Nd1 f5 37. Nc3 h5 38. Ke2 Nf6 39. h4 Nd7 40. Kf1 Kf6 41.
Kf2 f4 42. Kf1 g5 43. hxg5+ Kxg5 44. Kg1 Kh4 45. Kh2 Nf6 46. Kg1 Nd7 47. Kf2
Kg5 48. Kg1 Kf6 49. Kf2 h4 50. Ke2 Kg5 51. Kf2 Nf6 52. Ke2 h3 53. gxh3 1/2-1/2

[Event "XXIV Memorial Edoardo Crespi A"]
[Site "Milano ITA"]
[Date "2003.12.08"]
[Round "5"]
[White "Manzoni, Alessandro"]
[Black "Berra, Davide"]
[Result "1/2-1/2"]
[WhiteElo "2034"]
[BlackElo "2207"]
[PlyCount "108"]
[EventDate "2003.12.05"]

1. e4 e6 2. Nc3 d5 3. g3 Nf6 4. e5 Nfd7 5. f4 b6 6. Bg2 Bb7 7. Nf3 Be7 8. d3
O-O 9. Bd2 a6 10. h4 d4 11. Ne2 c5 12. c3 Nc6 13. cxd4 Nxd4 14. Nexd4 cxd4 15.
Qe2 Ra7 16. O-O Nc5 17. b4 Na4 18. Rac1 Nc3 19. Bxc3 Bxf3 20. Bxf3 dxc3 21. Qe4
Rc7 22. Rc2 Qd7 23. Rfc1 Rfc8 24. Bg4 g6 25. h5 Kg7 26. Kg2 Qc6 27. Qxc6 Rxc6
28. Bf3 R6c7 29. hxg6 hxg6 30. a3 a5 31. bxa5 bxa5 32. a4 Ba3 33. Rd1 Bb2 34.
Re1 Rb8 35. Re4 Rb3 36. Kf2 Kf8 37. Rd4 Ke7 38. Ke3 Rb4 39. Bd1 Rc5 40. Rh2 Rc8
41. Bc2 Bc1+ 42. Ke4 Rb2 43. Rc4 Kd7 44. Rxc8 Kxc8 45. d4 Kd7 46. Kd3 Bd2 47.
Rh8 Rb4 48. Ra8 Be1 49. Rxa5 Bxg3 50. Ra7+ Ke8 51. Kxc3 Be1+ 52. Kd3 Rxd4+ 53.
Kxd4 Bf2+ 54. Kc4 Bxa7 1/2-1/2

[Event "XXIV Memorial Edoardo Crespi A"]
[Site "Milano ITA"]
[Date "2003.12.08"]
[Round "5"]
[White "Massironi, Marco"]
[Black "Raineri, Valerio"]
[Result "0-1"]
[WhiteElo "2082"]
[BlackElo "2191"]
[PlyCount "85"]
[EventDate "2003.12.05"]

1. e4 e5 2. Nf3 Nc6 3. Bb5 a6 4. Ba4 Nge7 5. O-O d6 6. h3 Bd7 7. c3 g6 8. d4
Bg7 9. Bg5 h6 10. Be3 O-O 11. dxe5 dxe5 12. Qd2 Kh7 13. Rd1 Be6 14. Qe2 Qc8 15.
Bc5 Rd8 16. Nbd2 b6 17. Ba3 b5 18. Bc2 Ng8 19. Nf1 Nf6 20. Ne3 Nh5 21. h4 Nf4
22. Qf1 Qb7 23. g3 Nh5 24. Qe2 b4 25. cxb4 Nxb4 26. Bxb4 Qxb4 27. b3 Qb6 28.
Kg2 a5 29. Rac1 Kg8 30. Nd5 Bxd5 31. exd5 Qd6 32. Bb1 Re8 33. Rc6 Qd7 34. Qc4
Nf4+ 35. gxf4 Qg4+ 36. Kh2 Qxf3 37. Rg1 Qxf2+ 38. Rg2 Qxh4+ 39. Kg1 exf4 40.
Bd3 Re1+ 41. Bf1 Rae8 42. Rcxg6 fxg6 43. Re2 0-1

[Event "XXIV Memorial Edoardo Crespi A"]
[Site "Milano ITA"]
[Date "2003.12.08"]
[Round "5"]
[White "Mazzini, Antonio"]
[Black "Contin, Daniel"]
[Result "1/2-1/2"]
[WhiteElo "2131"]
[BlackElo "2377"]
[PlyCount "78"]
[EventDate "2003.12.05"]

1. d4 e6 2. c4 Nf6 3. Nc3 Bb4 4. f3 d5 5. a3 Bxc3+ 6. bxc3 O-O 7. e3 b6 8. Bd3
Ba6 9. cxd5 Bxd3 10. Qxd3 exd5 11. Ne2 Re8 12. O-O Qc8 13. Re1 h5 14. Bd2 Qa6
15. Nf4 Qa4 16. Qf5 Qd7 17. Qg5 Nc6 18. Nxh5 Nxh5 19. Qxh5 f5 20. e4 dxe4 21.
fxe4 fxe4 22. Bf4 Rac8 23. Re3 Re7 24. Rf1 Rf8 25. Rh3 Qf5 26. Qh8+ Kf7 27. Bg5
Qxf1+ 28. Kxf1 Rxh8 29. Rxh8 Rd7 30. Rh4 Ke6 31. Ke2 Kd5 32. Ke3 Kc4 33. Kxe4
Kxc3 34. d5 Na5 35. Bf4 Kc4 36. Be5 Kb3 37. Rh3+ Ka4 38. Rc3 Nb7 39. Rxc7 Nc5+
1/2-1/2

[Event "XXIV Memorial Edoardo Crespi A"]
[Site "Milano ITA"]
[Date "2003.12.08"]
[Round "5"]
[White "Murgia, Andrea"]
[Black "Damia, Angelo"]
[Result "0-1"]
[WhiteElo "2132"]
[BlackElo "2059"]
[PlyCount "98"]
[EventDate "2003.12.05"]

1. e4 c6 2. d4 d5 3. Nc3 dxe4 4. Nxe4 Nf6 5. Nxf6+ gxf6 6. Be3 Qa5+ 7. c3 Bf5
8. Nf3 Nd7 9. Qb3 Qc7 10. g3 Bg7 11. Bg2 O-O 12. O-O e5 13. Nh4 Be6 14. Qc2
Rfe8 15. Nf5 Bxf5 16. Qxf5 Nf8 17. Rad1 Rad8 18. h4 Qd7 19. Qc2 Qe6 20. Kh2 e4
21. c4 f5 22. Rd2 Ng6 23. h5 f4 24. hxg6 fxe3 25. gxf7+ Qxf7 26. fxe3 Qh5+ 27.
Bh3 c5 28. d5 Qg5 29. Rf4 h5 30. Be6+ Kh8 31. Qxe4 Be5 32. Qf5 Bxf4 33. exf4
Qxf5 34. Bxf5 Kg7 35. d6 Kf6 36. Bh3 Re4 37. b3 Rd4 38. Re2 R8xd6 39. Re5 Rd2+
40. Bg2 Rxa2 41. Rxh5 Rdd2 42. Kh3 Rxg2 43. Rxc5 Rgb2 44. Rb5 Ra3 45. Kg4 Rbxb3
46. Rf5+ Ke6 47. Re5+ Kd6 48. Rd5+ Kc6 49. Kf5 Rxg3 0-1

[Event "XXIV Memorial Edoardo Crespi A"]
[Site "Milano ITA"]
[Date "2003.12.08"]
[Round "5"]
[White "Pace, Pietro Dario"]
[Black "Jara, Erik"]
[Result "1/2-1/2"]
[WhiteElo "2115"]
[BlackElo "2127"]
[PlyCount "107"]
[EventDate "2003.12.05"]

1. e4 e6 2. d4 d5 3. Nc3 Nf6 4. Bg5 dxe4 5. Nxe4 Be7 6. Bxf6 gxf6 7. Nf3 b6 8.
Bd3 Bb7 9. Qe2 Nd7 10. O-O-O c6 11. Kb1 Qc7 12. Rhe1 O-O-O 13. a3 Kb8 14. c4 f5
15. Nc3 Bf6 16. Qc2 Rhg8 17. Bf1 Nf8 18. Qb3 Ng6 19. a4 Rd7 20. Rd2 Rgd8 21.
Red1 a5 22. c5 bxc5 23. dxc5 Ne5 24. Rxd7 Rxd7 25. Be2 Rxd1+ 26. Nxd1 Nd7 27.
Qe3 Be7 28. Qh6 Bxc5 29. Qxh7 Nb6 30. Nc3 Bb4 31. Qg7 Nd5 32. Nxd5 cxd5 33. h4
d4 34. Bd3 Qb6 35. Nxd4 Qd8 36. Qg3+ Bd6 37. Qh3 Be5 38. Nb5 Bxg2 39. Qe3 Qxd3+
40. Qxd3 Be4 41. Kc2 Kb7 42. h5 Kc6 43. h6 Kc5 44. h7 Kb4 45. Nd6 Bxd3+ 46.
Kxd3 Bxb2 47. Nxf7 Kxa4 48. f4 Bf6 49. Kc2 Kb4 50. h8=Q Bxh8 51. Nxh8 e5 52.
fxe5 Kc5 53. Ng6 Kd5 54. Kb3 1/2-1/2

[Event "XXIV Memorial Edoardo Crespi A"]
[Site "Milano ITA"]
[Date "2003.12.08"]
[Round "5"]
[White "Pelizzola, Danilo"]
[Black "Bonade', Massimo"]
[Result "0-1"]
[WhiteElo "2118"]
[BlackElo "2053"]
[PlyCount "82"]
[EventDate "2003.12.05"]

1. e4 c5 2. Nf3 d6 3. d4 cxd4 4. Nxd4 Nf6 5. Nc3 a6 6. Be2 e5 7. Nb3 Be6 8. O-O
Nbd7 9. Be3 Be7 10. f4 Qc7 11. Kh1 O-O 12. Bf3 Rfd8 13. f5 Bc4 14. Rf2 b5 15.
a4 b4 16. Ne2 d5 17. Ng3 d4 18. Bg5 a5 19. Bd2 Qb6 20. Be1 Nc5 21. Nxc5 Bxc5
22. Rd2 b3 23. cxb3 Bxb3 24. Qb1 Bb4 25. Rd3 Bc4 26. Rd1 Bxe1 27. Rxe1 Rab8 28.
Rc1 Ba6 29. Ra2 d3 30. Rc3 Qd4 31. Ra1 Rb4 32. Qd1 Rxb2 33. Rc6 Bb7 34. Rxf6
gxf6 35. Nh5 Rd6 36. Qe1 Qf2 37. Qxa5 Rdb6 38. h3 Rb1+ 39. Rxb1 Rxb1+ 40. Kh2
Qg1+ 41. Kg3 Qe1+ 0-1

[Event "XXIV Memorial Edoardo Crespi A"]
[Site "Milano ITA"]
[Date "2003.12.08"]
[Round "5"]
[White "Petrini, Roberto"]
[Black "Bisignano, Giuseppe"]
[Result "1-0"]
[WhiteElo "2106"]
[BlackElo "2055"]
[PlyCount "85"]
[EventDate "2003.12.05"]

1. e4 e5 2. Nf3 Nc6 3. d4 exd4 4. Nxd4 Nf6 5. Nc3 Bb4 6. Nxc6 bxc6 7. Bd3 h6 8.
O-O O-O 9. Qf3 d6 10. Qg3 Nh5 11. Qf3 Qh4 12. h3 Bc5 13. Be3 Bb6 14. Ne2 Bd7
15. c4 Rae8 16. c5 dxc5 17. Rac1 Nf6 18. Bxc5 Bxc5 19. Rxc5 Nxe4 20. Rc4 f5 21.
Rd1 Rf7 22. Nf4 Qf6 23. Ra4 Rfe7 24. Bc4+ Kh7 25. Rxa7 Qe5 26. Nd3 Qd4 27. Ra4
Qf6 28. Qf4 c5 29. Ra6 Qd4 30. b3 Nd6 31. Qxd4 cxd4 32. Bd5 Ne4 33. Bc4 Nc3 34.
Rf1 Re2 35. a4 Rd2 36. Nf4 g5 37. Nh5 Ne4 38. f3 Nc5 39. Ra5 Nxb3 40. Ra7 Kg6
41. Rxc7 Rc8 42. Rxd7 Rxc4 43. g4 1-0

[Event "XXIV Memorial Edoardo Crespi A"]
[Site "Milano ITA"]
[Date "2003.12.08"]
[Round "5"]
[White "Pietrocola, Roberto"]
[Black "Buonocore, Elio"]
[Result "1/2-1/2"]
[WhiteElo "1903"]
[BlackElo "2099"]
[PlyCount "51"]
[EventDate "2003.12.05"]

1. e4 c5 2. Nf3 Nc6 3. d4 cxd4 4. Nxd4 Nf6 5. Nc3 e5 6. Ndb5 d6 7. Bg5 a6 8.
Na3 b5 9. Nd5 Be7 10. Bxf6 Bxf6 11. c3 O-O 12. Nc2 Rb8 13. Bd3 Bg5 14. O-O Be6
15. Nce3 g6 16. a4 Qd7 17. Qe2 Qb7 18. axb5 axb5 19. Rfd1 b4 20. Ba6 Qd7 21.
Bb5 bxc3 22. bxc3 Nd4 23. cxd4 Qxb5 24. Qxb5 Rxb5 25. dxe5 Bxe3 26. Nxe3
1/2-1/2

[Event "XXIV Memorial Edoardo Crespi A"]
[Site "Milano ITA"]
[Date "2003.12.08"]
[Round "5"]
[White "Rossi, Giampiero"]
[Black "Paoli, Enrico"]
[Result "1/2-1/2"]
[WhiteElo "2040"]
[BlackElo "1950"]
[PlyCount "70"]
[EventDate "2003.12.05"]

1. d4 d5 2. c4 c6 3. cxd5 cxd5 4. Nf3 Nc6 5. Nc3 e6 6. Bf4 Bd6 7. Bxd6 Qxd6 8.
e3 Nf6 9. Rc1 O-O 10. Bd3 a6 11. O-O h6 12. Qe2 Bd7 13. Rfd1 Rac8 14. h3 Rfe8
15. Bb1 Red8 16. Qd2 Be8 17. b3 Qa3 18. Na4 Nd7 19. Qb2 Qxb2 20. Nxb2 f5 21.
Nd3 Bh5 22. Nc5 Nxc5 23. Rxc5 Bxf3 24. gxf3 Kf7 25. Rdc1 Ne7 26. f4 Rxc5 27.
Rxc5 Rc8 28. Rxc8 Nxc8 29. Bd3 Ke7 30. Kf1 Kd6 31. Ke2 Ne7 32. Kd2 Ng6 33. Kc3
Kc6 34. a4 Nh4 35. a5 Ng2 1/2-1/2

[Event "XXIV Memorial Edoardo Crespi A"]
[Site "Milano ITA"]
[Date "2003.12.08"]
[Round "5"]
[White "Vancini, Edoardo"]
[Black "La Torre, Giovanni"]
[Result "1-0"]
[WhiteElo "2284"]
[BlackElo "2057"]
[PlyCount "47"]
[EventDate "2003.12.05"]

1. e4 c5 2. Nc3 e6 3. g3 Nc6 4. Bg2 g6 5. d3 Bg7 6. Be3 d6 7. Qd2 Nge7 8. Bh6
Bxh6 9. Qxh6 Nd4 10. O-O-O b5 11. Nce2 Nxe2+ 12. Nxe2 Ng8 13. Qg7 Qf6 14. Qxf6
Nxf6 15. e5 Nd5 16. c4 bxc4 17. dxc4 Ba6 18. cxd5 Bxe2 19. Rd2 Bc4 20. dxe6 Rd8
21. exf7+ Bxf7 22. exd6 Bxa2 23. Re1+ Kf8 24. b4 1-0

[Event "XXIV Memorial Edoardo Crespi A"]
[Site "Milano ITA"]
[Date "2003.12.08"]
[Round "5"]
[White "Zacco, Remo"]
[Black "Sgnaolin, Davide"]
[Result "0-1"]
[WhiteElo "2077"]
[BlackElo "2137"]
[PlyCount "64"]
[EventDate "2003.12.05"]

1. e4 c5 2. Nf3 Nc6 3. d4 cxd4 4. Nxd4 g6 5. Nc3 Bg7 6. Be3 Nf6 7. Bc4 O-O 8.
Bb3 d6 9. f3 Bd7 10. Qd2 Nxd4 11. Bxd4 b5 12. Nd5 Nxd5 13. Bxg7 Kxg7 14. Bxd5
Rc8 15. h4 h5 16. O-O-O a5 17. a3 Qc7 18. g4 Rh8 19. Rdg1 b4 20. axb4 axb4 21.
Bb3 Qc5 22. gxh5 Rxh5 23. Rg5 Ra8 24. Kb1 Qa7 25. c3 Rxg5 26. Qxg5 Qa1+ 27. Kc2
Qxh1 28. Qxe7 Qg2+ 29. Kd3 Qxf3+ 30. Kd2 Bg4 31. cxb4 Qe2+ 32. Kc3 Rc8+ 0-1

[Event "XXIV Memorial Edoardo Crespi A"]
[Site "Milano ITA"]
[Date "2003.12.08"]
[Round "6"]
[White "Berra, Davide"]
[Black "Pace, Pietro Dario"]
[Result "1-0"]
[WhiteElo "2207"]
[BlackElo "2115"]
[PlyCount "123"]
[EventDate "2003.12.05"]

1. d4 d5 2. Nf3 Nf6 3. Bg5 c6 4. e3 Bf5 5. c4 e6 6. Qb3 Qb6 7. c5 Qc7 8. Nc3
Be7 9. h3 O-O 10. Qd1 Nbd7 11. Bf4 Qc8 12. Be2 Ne4 13. Nxe4 Bxe4 14. b4 f6 15.
O-O Bd8 16. Bd6 Re8 17. Nd2 Bg6 18. Nb3 Bc7 19. Bxc7 Qxc7 20. Qd2 e5 21. b5 e4
22. bxc6 bxc6 23. Qa5 Qb8 24. Ba6 Re7 25. Rab1 Qf8 26. Bb7 Rd8 27. Bxc6 Nb8 28.
Ba4 Bf7 29. Rb2 f5 30. Qd2 Rc8 31. Na5 Be6 32. Rfb1 Nd7 33. Rb7 Qf6 34. Rxa7 f4
35. exf4 Bxh3 36. Rb3 Bg4 37. Rbb7 Bf3 38. Bxd7 Bxg2 39. Kxg2 Qg6+ 40. Kh2 Rxd7
41. Qe3 Rxb7 42. Rxb7 Ra8 43. Rb6 Qh5+ 44. Qh3 Qe2 45. Kg2 Rf8 46. Nc6 h6 47.
Ne7+ Kh7 48. Nxd5 Qxa2 49. Ne3 Rxf4 50. Qg3 Qf7 51. Rb7 Qf8 52. c6 Rf3 53.
Qxg7+ Qxg7+ 54. Rxg7+ Kxg7 55. c7 Rf8 56. d5 Kf6 57. d6 Rg8+ 58. Kh3 Ke6 59.
Nc4 Kd7 60. Nb6+ Kxd6 61. c8=Q Rxc8 62. Nxc8+ 1-0

[Event "XXIV Memorial Edoardo Crespi A"]
[Site "Milano ITA"]
[Date "2003.12.08"]
[Round "6"]
[White "Bevilacqua, Maurizio"]
[Black "Vancini, Edoardo"]
[Result "0-1"]
[WhiteElo "2082"]
[BlackElo "2284"]
[PlyCount "92"]
[EventDate "2003.12.05"]

1. d4 f5 2. c4 Nf6 3. Nc3 e6 4. g3 c6 5. Bg2 d5 6. cxd5 exd5 7. Nh3 Bd6 8. Bf4
Be7 9. O-O O-O 10. Qd3 h6 11. Rad1 Be6 12. Bc1 g5 13. f3 b5 14. b3 b4 15. Na4
Qe8 16. Nf2 Nbd7 17. Qc2 Rc8 18. Nc5 Nxc5 19. dxc5 Nd7 20. Nd3 Rb8 21. Bb2 Rb5
22. Bd4 f4 23. gxf4 gxf4 24. Kh1 Bh4 25. Rg1 Bg3 26. Bf1 Qh5 27. Rg2 Bh3 28.
hxg3 Bxg2+ 29. Kxg2 fxg3 30. Kxg3 Qg5+ 31. Kh3 Rf5 32. Nf2 Qg6 33. Qxf5 Qxf5+
34. Kg3 Qg5+ 35. Kh2 Qf4+ 36. Kg2 Rb8 37. Nh3 Qf5 38. Rd2 Kf7 39. Kh2 Rg8 40.
e4 Qh5 41. exd5 cxd5 42. c6 Ne5 43. Bxe5 Qxe5+ 44. f4 Qc3 45. Rd3 Qxc6 46. Bg2
Qc2 0-1

[Event "XXIV Memorial Edoardo Crespi A"]
[Site "Milano ITA"]
[Date "2003.12.08"]
[Round "6"]
[White "Bianchi, Alberto"]
[Black "Barlocco, Carlo"]
[Result "0-1"]
[WhiteElo "2034"]
[BlackElo "2132"]
[PlyCount "96"]
[EventDate "2003.12.05"]

1. e4 Nc6 2. Nf3 d5 3. exd5 Qxd5 4. Nc3 Qa5 5. Be2 e5 6. O-O Nf6 7. d4 e4 8.
Nd2 Bf5 9. Nb3 Qb4 10. Be3 O-O-O 11. a3 Qe7 12. Qc1 Qd7 13. Rd1 Bg4 14. Bg5 Bd6
15. Bf4 Bxe2 16. Nxe2 Qg4 17. Bxd6 Rxd6 18. Ng3 h5 19. h3 Qg6 20. Qf4 Ne7 21.
Nc5 e3 22. Qxe3 Ned5 23. Qf3 Qxc2 24. Nf5 Rb6 25. b4 g6 26. Rac1 Qxf5 27. Qxf5+
gxf5 28. Re1 Nd7 29. Nxd7 Kxd7 30. Re5 Nf4 31. Rc2 Rg8 32. g3 Ne6 33. Rxf5 Rg7
34. Rxh5 Nxd4 35. Rd2 Rd6 36. Kg2 Ne6 37. Rxd6+ Kxd6 38. Rf5 b6 39. h4 c5 40.
bxc5+ bxc5 41. h5 c4 42. Rf3 Kd5 43. Kf1 Nd4 44. Rf6 c3 45. Ke1 Rg8 46. Kd1 Rb8
47. Kc1 c2 48. Rxf7 Rb1+ 0-1